Principles of electric machines and power electronics / (Record no. 179293)
[ view plain ]
| 000 -LEADER | |
|---|---|
| fixed length control field | 01080 a2200229 4500 |
| 003 - CONTROL NUMBER IDENTIFIER | |
| control field | Nust |
| 005 - DATE AND TIME OF LATEST TRANSACTION | |
| control field | 20221027123028.0 |
| 010 ## - LIBRARY OF CONGRESS CONTROL NUMBER | |
| LC control number | 88005725 |
| 020 ## - INTERNATIONAL STANDARD BOOK NUMBER | |
| International Standard Book Number | 0471850845 (pbk.) |
| 040 ## - CATALOGING SOURCE | |
| Transcribing agency | Nust |
| 082 00 - DEWEY DECIMAL CLASSIFICATION NUMBER | |
| Classification number | 621.3,SEN |
| 100 1# - MAIN ENTRY--PERSONAL NAME | |
| Personal name | Sen, P. C. |
| 9 (RLIN) | 83307 |
| 245 10 - TITLE STATEMENT | |
| Title | Principles of electric machines and power electronics / |
| Statement of responsibility, etc. | P.C. Sen. |
| 260 ## - PUBLICATION, DISTRIBUTION, ETC. | |
| Place of publication, distribution, etc. | New York : |
| Name of publisher, distributor, etc. | Wiley, |
| Date of publication, distribution, etc. | c1989. |
| 300 ## - PHYSICAL DESCRIPTION | |
| Extent | xx, 603 p. : |
| Other physical details | ill. ; |
| Dimensions | 25 cm. |
| 505 ## - FORMATTED CONTENTS NOTE | |
| Formatted contents note | Magnetic Circuits (Page-1), Transformers (Page-41), Electromechanical Energy Conversion (Page-95), DC Machines (Page-121), Induction (Asynchronous) Machines (Page-207), Synchronous Machines (Page-292), Single-Phase Motors (Page-373), Special Machines (Page-424), Transients and Dynamics (Page-455), Power Semiconductor Converters (Page-493), |
| 650 #0 - SUBJECT ADDED ENTRY--TOPICAL TERM | |
| Topical term or geographic name entry element | Electric machinery. |
| 9 (RLIN) | 18388 |
| 650 #0 - SUBJECT ADDED ENTRY--TOPICAL TERM | |
| Topical term or geographic name entry element | Power electronics. |
| 856 42 - ELECTRONIC LOCATION AND ACCESS | |
| Materials specified | Publisher description |
| Uniform Resource Identifier | <a href="http://www.loc.gov/catdir/enhancements/fy0607/88005725-d.html">http://www.loc.gov/catdir/enhancements/fy0607/88005725-d.html</a> |
| 856 42 - ELECTRONIC LOCATION AND ACCESS | |
| Materials specified | Table of contents only |
| Uniform Resource Identifier | <a href="http://www.loc.gov/catdir/enhancements/fy0607/88005725-t.html">http://www.loc.gov/catdir/enhancements/fy0607/88005725-t.html</a> |
| 942 ## - ADDED ENTRY ELEMENTS (KOHA) | |
| Source of classification or shelving scheme | |
| Koha item type | Book |
| Withdrawn status | Lost status | Source of classification or shelving scheme | Damaged status | Not for loan | Permanent Location | Current Location | Shelving location | Date acquired | Full call number | Barcode | Date last seen | Price effective from | Koha item type | Public note |
|---|---|---|---|---|---|---|---|---|---|---|---|---|---|---|
| Military College of Signals (MCS) | Military College of Signals (MCS) | General Stacks | 12/12/2016 | 621.3,SEN | MCS1093 | 12/08/2016 | 12/12/2016 | Book | Almirah No.28, Shelf No.4 | |||||
| Military College of Signals (MCS) | Military College of Signals (MCS) | General Stacks | 12/12/2016 | 621.3,SEN | MCS1094 | 12/08/2016 | 12/12/2016 | Book | Almirah No.28, Shelf No.4 |
